000 00475nam a2200181Ia 4500
001 21221
005 20260306172903.0
008 260306t2012||||xx |||||||||||||| ||spa||
041 _aESP
082 _a344.2
_bR78
100 _aRojas Vargas, Fidel
_eAUT
245 0 _aDerecho penal práctico procesal y disciplinario:
_bdogmática y argumentación
260 _c2012
300 _a798 páginas :
_c25 cm.
650 _aGEN
654 _aCDE
942 _cLIB
_dJUS
_fJUS
_2ddc
_n
999 _c21221
_d21221